Intrapreneuring (Record no. 47559)

MARC details
000 -LEADER
fixed length control field 00540nam a2200145 a 4500
008 - FIXED-LENGTH DATA ELEMENTS--GENERAL INFORMATION
fixed length control field 120416s0000 ||||||||||||||||| || u
020 ## - INTERNATIONAL STANDARD BOOK NUMBER
International Standard Book Number 0060913355
050 ## - LIBRARY OF CONGRESS CALL NUMBER
Classification number HB 615 Pin
100 ## - MAIN ENTRY--PERSONAL NAME
Personal name Pinchot, Gifford
245 10 - TITLE STATEMENT
Title Intrapreneuring
246 ## - VARYING FORM OF TITLE
Title proper/short title why you don't have to leave the corporation to become an entrepreneur
260 ## - PUBLICATION, DISTRIBUTION, ETC.
Place of publication, distribution, etc. New York
Name of publisher, distributor, etc. Harper and Row
Date of publication, distribution, etc. 1986
350 ## - PRICE (NR) (BK AM CF MU VM SE) [OBSOLETE]
Price 0.00
995 ## - RECOMMENDATION 995 [LOCAL, UNIMARC FRANCE]
-- 0.00
-- CBU-MAIN LIBRARY (Kitwe)
-- 1
-- 10.95
-- AVAILABLE
-- Main Library Open Access Collection
Holdings
Withdrawn status Lost status Source of classification or shelving scheme Damaged status Not for loan Home library Current library Shelving location Date acquired Total Checkouts Full call number Barcode Date last seen Price effective from Koha item type
          CBU-MAIN LIBRARY, KITWE. CBU-MAIN LIBRARY, KITWE.   11/30/2022   HB 615 Pin 002372 11/30/2022 11/30/2022 MONOGRAPH